000 00591nam a2200229Ia 4500
003 OSt
005 20220928143544.0
006 a|||||r|||| 00| 0
007 ta
008 220927b |||||||| |||| 00| 0 eng d
024 _a22632
037 _cTextual
040 _aSDCL
_cSDCL
_beng
041 _2eng
_aeng
082 _aW691.59B'N7, M3
100 _aFeher Ferenc
_9436017
245 0 _aDictatorship over needs
260 _c1983
700 _a Heller Agnes
_9497307
942 _hW691.59B'N7, M3
_cTEXL
_2CC
999 _c824625
_d824625